Contabilidad : quinto curso /

Guardado en:
Autor Principal: Cholvis, Francisco
Formato: Libro
Publicado: Buenos Aires : El Ateneo, 1988
Edición:30 ed.
Etiquetas: Agregar Etiqueta
Sin Etiquetas, Sea el primero en etiquetar este registro!
LEADER 00526nam a22001695a 4500
001 CEM.cems001664
005 20060214000000.0
008 130507s1988##################000#0#####d
003 CEMS
082 0 4 |a 657 
100 1 |a Cholvis, Francisco 
245 1 0 |a Contabilidad :  |b quinto curso /  |c Francisco Cholvis 
250 |a 30 ed. 
260 |a Buenos Aires :  |b El Ateneo,  |c 1988 
300 |a 315 p. 
859 |a CEMS  |b BIB. CEMS - 11 de abril  |h 657  |i Ch453a30/V  |p 16782.92  |t Ej.1 
859 |a CEMS  |b BIB. CEMS - 11 de abril  |h 657  |i Ch453a30/V  |p 16783.92  |t Ej.2